Najhirši vorohy

Bibliographic Details
Main Author: Pčilka, Olena (Author)
Format: Article
Language:Ukrainian
Subjects:

MARC

LEADER 00000nab a2200000 a 4500
001 vtls000519233
003 SK-MaSNL
005 20260303002857.0
008 180331c1994 xo 0 ukr
015 |a SNBRB19rr/mm-uuuuu 
035 |a CL0519371 
040 |a SNKBUCL  |b slo  |c SNKBUCL  |e AACR2 
041 0 |a ukr 
044 |a xo  |c SK 
080 |a 883-3(087.5)=83  |2 1981 
100 1 |a Pčilka, Olena  |4 aut  |9 888958 
245 1 0 |a Najhirši vorohy  |c Olena Pčilka 
650 0 7 |a rozprávky autorské  |2 snkbucl  |9 315429 
655 7 |a články z novín a časopisov  |2 snkbucl  |9 267496 
655 7 |a články z odboru literárna veda a krásna literatúra  |2 snkbucl  |9 770045 
773 0 |t Veselka  |g Roč. 43, č. 9 (1993/1994), s. 10 
850 |a Slovenská národná knižnica v Martine  |a POA001 
852 |a SNK  |b KIS3GCP 
958 |a NX 
958 |a RK 
958 |a LX 
958 |a UA 
992 |a RBX 
999 |c 1570137  |d 1572067